000 00337nam a2200133Ia 4500
005 20260328101515.0
008 260328s9999||||xx |||||||||||||| ||und||
100 _aRoth, Alfred
245 4 _aThe New Architecture /
_cAlfred Roth
260 _bLes Editions d'Architecture
300 _a228 p.
650 _aARQUITECTURA CIVIL
942 _cBK
999 _c9344
_d9344